[Event "Erandio op 26th"]
[Site "Erandio"]
[Date "2017.12.20"]
[Round "5"]
[White "Prieto Aranguren, Alain"]
[Black "Laiz Ibanez, Hector"]
[Result "1-0"]
[WhiteElo "2238"]
[BlackElo "2253"]
[PlyCount "77"]
[EventDate "2017.12.16"]
[EventType "swiss"]
[EventRounds "8"]
[EventCountry "ESP"]
[SourceTitle "CBM 182 Extra"]
[Source "ChessBase"]
[SourceDate "2018.02.23"]
[SourceVersion "1"]
[SourceVersionDate "2018.02.23"]
[SourceQuality "1"]

1. d4 Nf6 2. c4 e6 3. Nc3 Bb4 4. e3 0-0 5. Nge2 d5 6. a3 Be7 7. cxd5 exd5 8. g3 a5 9. Bg2 c6 10. 0-0 Na6 11. Qc2 Re8 12. Rd1 Bf8 13. h3 h5 14. Bd2 g6 15. f3 c5 16. dxc5 Nxc5 17. Nd4 Qc7 18. Nce2 Bd7 19. Rdc1 a4 20. Kf2 Rac8 21. Bc3 Bh6 22. Nf4 h4 23. Nde2 hxg3+ 24. Kg1 Nb3 25. Qd1 Nxc1 26. Rxc1 Qb6 27. Bd4 Qd6 28. Rc3 Rxc3 29. Bxc3 Bg7 30. Bd4 Nh5 31. Bxg7 Nxg7 32. Nxd5 Bc6 33. Nec3 Nf5 34. Ne4 Rxe4 35. fxe4 Nh4 36. Qd4 Bxd5 37. exd5 Nf5 38. Qxa4 Nxe3 39. Qe8+ 1-0

[Event "ESP-chT CECLUB Div2"]
[Site "Linares"]
[Date "2017.08.11"]
[Round "6.7"]
[White "Plaza Pardo, Daniel"]
[Black "Laiz Ibanez, Hector"]
[Result "1-0"]
[WhiteElo "2214"]
[BlackElo "2284"]
[PlyCount "87"]
[EventDate "2017.08.08"]
[EventType "team"]
[EventRounds "7"]
[EventCountry "ESP"]
[SourceTitle "CBM 179 Extra"]
[Source "ChessBase"]
[SourceDate "2017.08.23"]
[SourceVersion "1"]
[SourceVersionDate "2017.08.23"]
[SourceQuality "1"]
[WhiteTeam "Ateneo Maritimo"]
[BlackTeam "Sanxenxo Fontecarmoa"]
[WhiteTeamCountry "ESP"]
[BlackTeamCountry "ESP"]

1. d4 Nf6 2. c4 e6 3. Nf3 b6 4. g3 Bb7 5. Bg2 Bb4+ 6. Bd2 Qe7 7. 0-0 0-0 8. Bf4 d5 9. Ne5 Rd8 10. Qa4 Bd6 11. Nc3 a6 12. Rac1 c6 13. Qb3 b5 14. c5 Bc7 15. Bf3 a5 16. Qc2 Na6 17. a3 Nd7 18. Nxd7 Bxf4 19. gxf4 Rxd7 20. Qd3 Nc7 21. b4 Qf6 22. Qd2 a4 23. Kh1 Qh6 24. Rg1 f6 25. e3 Re8 26. Rg3 e5 27. f5 g5 28. fxg6 hxg6 29. Rcg1 g5 30. Bg4 Rde7 31. f4 exf4 32. exf4 Qg6 33. Qf2 Rf8 34. f5 Qe8 35. Rh3 Qd7 36. Bh5 Rh7 37. Qf3 Kg7 38. Bg6 Rxh3 39. Qxh3 Rh8 40. Qg3 Bc8 41. Re1 Ne8 42. Qe3 Rf8 43. Qe7+ Qxe7 44. Rxe7+ 1-0

[Event "ESP-chT CECLUB Div2"]
[Site "Linares"]
[Date "2017.08.08"]
[Round "1.6"]
[White "Gallardo Retortillo, Enrique"]
[Black "Laiz Ibanez, Hector"]
[Result "1-0"]
[WhiteElo "2223"]
[BlackElo "2284"]
[PlyCount "45"]
[EventDate "2017.08.08"]
[EventType "team"]
[EventRounds "7"]
[EventCountry "ESP"]
[SourceTitle "CBM 179 Extra"]
[Source "ChessBase"]
[SourceDate "2017.08.23"]
[SourceVersion "1"]
[SourceVersionDate "2017.08.23"]
[SourceQuality "1"]
[WhiteTeam "Albatros"]
[BlackTeam "Sanxenxo Fontecarmoa"]
[WhiteTeamCountry "ESP"]
[BlackTeamCountry "ESP"]

1. e4 e6 2. d4 d5 3. exd5 exd5 4. c4 Nf6 5. Nf3 Be7 6. Bd3 0-0 7. 0-0 dxc4 8. Bxc4 Nc6 9. Nc3 Bg4 10. Be3 Nb4 11. h3 Bxf3 12. Qxf3 c6 13. Rad1 Nbd5 14. Rfe1 Re8 15. Bg5 Nxc3 16. bxc3 Qd7 17. Re5 Rf8 18. Rde1 Bd8 19. R1e3 h6 20. Bxh6 gxh6 21. Qf4 Nh7 22. Qxh6 Kh8 23. Rh5 1-0

[Event "Almazan 1st"]
[Site "Almazan"]
[Date "2017.07.21"]
[Round "8"]
[White "Marchena Hurtado, Javier"]
[Black "Laiz Ibanez, Hector"]
[Result "0-1"]
[WhiteElo "2340"]
[BlackElo "2269"]
[PlyCount "90"]
[EventDate "2017.07.17"]
[EventType "swiss"]
[EventRounds "9"]
[EventCountry "ESP"]
[EventCategory "3"]
[SourceTitle "CBM 179 Extra"]
[Source "ChessBase"]
[SourceDate "2017.08.23"]
[SourceVersion "1"]
[SourceVersionDate "2017.08.23"]
[SourceQuality "1"]

1. e4 e6 2. d4 d5 3. Nd2 Nf6 4. e5 Nfd7 5. Bd3 c5 6. c3 Nc6 7. Ne2 cxd4 8. cxd4 f6 9. exf6 Nxf6 10. Nf3 Bd6 11. 0-0 Qc7 12. Bg5 0-0 13. Bh4 g6 14. Bg3 Nh5 15. Bxd6 Qxd6 16. Qd2 Bd7 17. Qe3 Nf4 18. Rfe1 a6 19. Rad1 Rae8 20. Nxf4 Qxf4 21. Bb1 Kg7 22. Qb3 Bc8 23. Re3 Na5 24. Qc3 Nc6 25. b3 e5 26. Rd2 e4 27. g3 Qf6 28. Nh4 g5 29. Ng2 Bh3 30. Bc2 Rc8 31. Bd1 Qd6 32. Qb2 Nb4 33. Ne1 Rc7 34. a3 Nc6 35. g4 Bf1 36. Kxf1 Qxh2 37. f3 Qh1+ 38. Kf2 h5 39. Rxe4 dxe4 40. d5+ Kg8 41. Qc3 Re7 42. Qe3 Qh4+ 43. Kf1 exf3 44. Qf2 Qh1+ 45. Qg1 Rxe1+ 0-1

[Event "Almazan 1st"]
[Site "Almazan"]
[Date "2017.07.19"]
[Round "4"]
[White "Laiz Ibanez, Hector"]
[Black "Ruperez Benito, Antonio"]
[Result "1-0"]
[WhiteElo "2269"]
[BlackElo "2293"]
[PlyCount "117"]
[EventDate "2017.07.17"]
[EventType "swiss"]
[EventRounds "9"]
[EventCountry "ESP"]
[EventCategory "3"]
[SourceTitle "CBM 179 Extra"]
[Source "ChessBase"]
[SourceDate "2017.08.23"]
[SourceVersion "1"]
[SourceVersionDate "2017.08.23"]
[SourceQuality "1"]

1. e4 e6 2. d4 d5 3. Nd2 Nf6 4. e5 Nfd7 5. Bd3 c5 6. c3 Nc6 7. Ndf3 cxd4 8. cxd4 Bb4+ 9. Bd2 Qa5 10. Ne2 Bxd2+ 11. Qxd2 Qxd2+ 12. Kxd2 Nb4 13. Bb1 Nb6 14. b3 Bd7 15. a3 Nc6 16. Bd3 Rc8 17. Rhc1 Ke7 18. Rc3 f6 19. Rac1 a6 20. Ke3 Rcf8 21. h4 Be8 22. g4 Rf7 23. Bxa6 fxe5 24. Bxb7 Rhf8 25. Ng5 exd4+ 26. Nxd4 Nxd4 27. Nxf7 Nb5 28. Rc7+ Nxc7 29. Rxc7+ Bd7 30. Ne5 Kd6 31. Nxd7 Nxd7 32. Rc6+ Ke7 33. Rc8 d4+ 34. Kxd4 Rxf2 35. a4 Rf4+ 36. Kc3 Rxg4 37. a5 Rg1 38. a6 Ra1 39. Kb4 h6 40. Kb5 Ra3 41. b4 g5 42. hxg5 hxg5 43. Rg8 Kf6 44. Bc8 Ne5 45. Re8 Nd3 46. Rxe6+ Kf7 47. Re4 Nf4 48. Kc6 Ng6 49. Kb7 Ne7 50. Be6+ Kf6 51. a7 Nc6 52. a8Q Rxa8 53. Kxa8 Nxb4 54. Bg4 Nd3 55. Re6+ Kf7 56. Re3 Nf4 57. Kb7 Kf6 58. Kc6 Ng6 59. Kd6 1-0

[Event "POR CupT qf  39th"]
[Site "Portugal"]
[Date "2017.07.01"]
[Round "4.2"]
[White "Lombaers, Peter"]
[Black "Laiz Ibanez, Hector"]
[Result "1-0"]
[WhiteElo "2323"]
[BlackElo "2303"]
[PlyCount "99"]
[EventDate "2017.03.11"]
[EventType "team-k.o."]
[EventRounds "6"]
[EventCountry "POR"]
[SourceTitle "EXT 2018"]
[Source "ChessBase"]
[SourceDate "2017.10.13"]
[SourceVersion "1"]
[SourceVersionDate "2017.10.13"]
[SourceQuality "1"]
[WhiteTeam "Porto GX"]
[BlackTeam "Porto EX"]
[WhiteTeamCountry "POR"]
[BlackTeamCountry "POR"]

1. d4 Nf6 2. c4 e6 3. Nc3 Bb4 4. e3 0-0 5. Bd3 d5 6. cxd5 exd5 7. Nge2 Re8 8. Bd2 Bd6 9. Rc1 c6 10. 0-0 Ne4 11. Nxe4 dxe4 12. Bb1 Qh4 13. Ng3 Re6 14. f4 Rh6 15. Bxe4 Qxh2+ 16. Kf2 Rh3 17. Qf3 Be6 18. Rh1 Qxg3+ 19. Qxg3 Rxg3 20. Kxg3 f5 21. Bf3 Nd7 22. b4 Nf6 23. a4 Bd5 24. Bxd5+ cxd5 25. Kf3 Kf7 26. b5 Ke6 27. Rc2 Re8 28. a5 Kd7 29. Rb1 Ne4 30. Bb4 Bb8 31. Rbc1 Nd6 32. Bxd6 Bxd6 33. Rb1 h5 34. b6 a6 35. Rbc1 Ke6 36. Rc8 Re7 37. Rh8 Bb4 38. Rc7 Bxa5 39. Rxe7+ Kxe7 40. Rb8 Kd6 41. Rxb7 Kc6 42. Rxg7 Bxb6 43. Ke2 a5 44. Kd3 Kb5 45. Rd7 a4 46. Rxd5+ Kb4 47. Kc2 Ka3 48. Rxf5 Ka2 49. Rxh5 a3 50. f5 1-0